000
00306nam a2200109Ia 4500
008
190216s9999||||xx |||||||||||||| ||und||
100
_a
"Hingorani N L,Ramanathan,&Amp;Grewal Ts"
245
0
_a
Hindi-Aum Pade Aur Swojem
260
_b
National Council Of Educational Research
650
_a
Hindi
942
_c
BK
999
_c
15229
_d
15229